01385nam a22003494a 4500001001100000003000800011006001900019007001500038008004100053010001700094020002800111040002100139035002000160050002600180082001900206100001900225245011200244260005600356300001500412490002500427504006400452533015200516630004600668630005800714650002500772650002400797655002900821710001700850830002600867856012500893999001701018ebr5003248CaPaEBRm u cr cn|||||||||990405s2000 cau sb 001 0 eng  z 99027865  z0520211103 (alk. paper) aCaPaEBRcCaPaEBR a(OCoLC)7073788014aBS1225.5b.P37 2000eb04a296.3/11722211 aPardes, Ilana.14aThe biography of ancient Israelh[electronic resource] :bnational narratives in the Bible /cIlana Pardes. aBerkeley :bUniversity of California Press,cc2000. axi, 211 p.1 aContraversions ;v14 aIncludes bibliographical references (p. 183-194) and index. aElectronic reproduction.bPalo Alto, Calif. :cebrary,d2013.nAvailable via World Wide Web.nAccess may be limited to ebrary affiliated libraries.00aBible.pO.T.pPentateuchxHistoriography.00aBible.pO.T.pPentateuchxHistory of Biblical events. 0aBible as literature. 0aJewish nationalism. 7aElectronic books.2local2 aebrary, Inc. 0aContraversions ;v14.40uhttp://site.ebrary.com/lib/rucke/Doc?id=5003248zAn electronic book accessible through the World Wide Web; click to view c16808d16808